Представление документа в формате RUSMARC

ПолеНазваниеЗначение
  Тип записи a
  Библиографический уровень m
001 Контрольный номер 0b02d0b0425b4e8b944facddbe969f01
005 Дата корректировки 20260603125522.5
010 Индекс ISBN __
a ISBN 978-5-222-47143-2
9 Тираж 5000 экз.
d Цена 290-92
100 Данные общей обработки __
a Данные общей обработки 20260602d2026 ma 0rusy028902 ca
101 Язык документа 0_
a Язык текста eng
a Язык текста rus
102 Страна публикации __
a Страна публикации RU
105 Кодированные данные (монография) __
a Кодированные данные (монография) a j 000zy
181 Поле кодированных данных: вид содержания _0
a Код вида содержания (ISBD) i
182 Поле кодированных данных: тип средства _0
a Код типа средства (ISBD) n
200 Заглавие и сведения об ответственности 1_
a Заглавие Ч. 2
203 Вид содержания и тип средства __
a Вид содержания Текст
c Тип средства непосредственный
205 Сведения об издании __
a Основные сведения об издании Издание 3-е
210 Выходные данные 1_
d Дата издания 2026
215 Физическое описание __
a Объем 133, [2] с.
c Иллюстрации/тип воспроизводства ил., табл.
d Формат 21 см
333 Примечание о целевом назначении __
a Примечание о целевом назначении 16+. Для детей старше 16 лет
461 Уровень набора _0
1 700 1
a Иванова
b А. М.
g Анастасия Михайловна
1 2001
a Use your music! Учим английский по песням
f Анастасия Иванова
g [иллюстрации К. Рыбаковой]
v Ч. 2
1 2101
a Ростов-на-Дону
c Феникс
d 2026
1 001f9e0fd9105cd4033bf39c5bcf5c565e5
1 203
a Текст
c непосредственный
1 2252
a Серия "Use your English"
606 Тематические рубрики __
2 Код системы nlr_sh
a Основная рубрика Языкознание
606 Тематические рубрики __
2 Код системы nlr_sh
a Основная рубрика Германские языки
610 Ключевые слова 0_
a Ключевые слова английский язык
610 Ключевые слова 0_
a Ключевые слова изучение английского языка
610 Ключевые слова 0_
a Ключевые слова английская лексика
610 Ключевые слова 0_
a Ключевые слова английская грамматика
610 Ключевые слова 0_
a Ключевые слова песни на английском языке
610 Ключевые слова 0_
a Ключевые слова поп-музыка
610 Ключевые слова 0_
a Ключевые слова тексты песен
686 Индексы других классификаций __
2 Код системы rubbks
a Классификационный индекс 81.432.1я7
801 Источник записи _0
a Страна RU
b Организация Муниципальное бюджетное учреждение культуры "Централизованная библиотечная система" г. Сургут (Центральная городская библиотека им. А. С. Пушкина)
c Дата составления 20260602
g Правила каталогизации PSBO
801 Источник записи _1
a Страна RU
b Организация Муниципальное бюджетное учреждение культуры "Централизованная библиотечная система" г. Сургут (Центральная городская библиотека им. А. С. Пушкина)
c Дата составления 20260602
g Правила каталогизации PSBO
852 Данные о местонахождении __
i Авторский знак И 20
j Шифр хранения 81.432.1я7
900 Макрообъекты __
a Макрообъекты Use your music! Учим английский по песням. Ч. 2, Иванова, А. М., 2026
901 Тип документа __
t Тип документа n
w Контрольный № источника f9e0fd9105cd4033bf39c5bcf5c565e5
a Ответственный КиК/Обаева
901 Тип документа __
a Ответственный 6 партия
903 Характеристики (МАРС) __
c Наименование библиотеки (МАРС) Муниципальное бюджетное учреждение культуры "Централизованная библиотечная система" г. Сургут (Центральная городская библиотека им. А. С. Пушкина)
a Дата передачи 20260602
990 Данные о заказе (DOS) __
j Количество экземпляров (DOS) 1
t N записи в КСУ для И/У (DOS) 202606